书目信息 |
| 题名: |
企业法
|
|
| 作者: | 张士元 编著 | |
| 分册: | ||
| 出版信息: | 北京 法律出版社 1997.07 |
|
| 页数: | 312页 | |
| 开本: | 32开 | |
| 丛书名: | ||
| 单 册: | ||
| 中图分类: | D922.292.5 | |
| 科图分类: | ||
| 主题词: | 法律--中国 | |
| 电子资源: | ||
| ISBN: | 7-5036-1991-0 | |
| 000 | 00540nam0 2200193 45 | |
| 001 | 0010261095 | |
| 005 | 20001026105148.2 | |
| 010 | @a7-5036-1991-0@d16.00元 | |
| 100 | @a20001026d1997 km y0chiy0120 ea | |
| 101 | 0 | @achi |
| 105 | @a z 000yy | |
| 200 | 1 | @a企业法@AQi Ye Fa@f张士元等编著@FZhang Shi Yuan Deng Bian Zhu |
| 210 | @a北京@c法律出版社@d1997.07 | |
| 215 | @a312页@d32开 | |
| 606 | 0 | @a法律@x中国 |
| 690 | @aD922.292.5@v3 | |
| 701 | 0 | @a张士元@4编著 |
| 801 | @aCN@bPftUser@c20001026 | |
| 905 | @b190596-598@dD922.292.5@eZH925@f3 | |
| 企业法/张士元等编著.-北京:法律出版社,1997.07 |
| 312页;32开 |
| ISBN 7-5036-1991-0:16.00元 |
| ● |
| 相关链接 |
|
|
|
正题名:企业法
索取号:D922.292.5/ZH925
 
预约/预借
| 序号 | 登录号 | 条形码 | 馆藏地/架位号 | 状态 | 备注 |
| 1 | 190596 | 201905965 | 社科库509/509社科库 87排9列6层/ [索取号:D922.292.5/ZH925] | 在馆 | |
| 2 | 190597 | 201905974 | 社科库509/509社科库 87排9列6层/ [索取号:D922.292.5/ZH925] | 在馆 | |
| 3 | 190598 | 201905983 | 社科库509/509社科库 87排9列6层/ [索取号:D922.292.5/ZH925] | 在馆 |